[Event "BL2-N9899"]
[Site "Germany"]
[Date "1999.01.31"]
[Round "5.3"]
[White "Becker, Walter"]
[Black "Apel, Stefan"]
[Result "0-1"]
[WhiteElo "2305"]
[BlackElo "2310"]

1.e4 c5 2.Nf3 Nc6 3.Bb5 g6 4.O-O Bg7 5.c3 Nf6 6.Re1 O-O 7.d4 d5 8.e5 Ne4
9.h3 Qb6 10.Bxc6 bxc6 11.Nbd2 Bf5 12.Nb3 c4 13.Nbd2 Rad8 14.g4 Be6 15.Nxe4 dxe4
16.Ng5 Bd5 17.Qc2 f6 18.exf6 exf6 19.Nxe4 f5 20.Ng3 fxg4 21.hxg4 Rd7 22.Ne4 Qd8
23.g5 Re7 24.Bd2 Qd7 25.Re3 Qg4+ 26.Ng3 Rxe3 27.Bxe3 Qf3  0-1

[Event "Nova Gorica op"]
[Site "Nova Gorica"]
[Date "1999.01.31"]
[Round "4"]
[White "Grosar, Kiti"]
[Black "Sveshnikov, Evgeny"]
[Result "1/2-1/2"]
[WhiteElo "2214"]
[BlackElo "2563"]

1.e4 c5 2.Nf3 Nc6 3.Bb5 e6 4.O-O Nge7 5.Nc3 a6 6.Bxc6 Nxc6 7.d4 cxd4 8.Nxd4 d6
9.Re1 Be7 10.Nxc6 bxc6 11.Qg4 Kf8 12.b3 h5 13.Qf3 e5 14.a4 a5 15.Ba3 Rh6
16.Nd1 Bg5 17.Ne3 Bxe3 18.Qxe3 c5 19.Rad1 Qe7 20.f4 exf4 21.Qxf4 Rf6 22.Qd2 Re6
23.e5 Rxe5 24.Rxe5 dxe5 25.Qe3 Kg8 26.Bxc5 Qf6 27.Rd6 Be6 28.Bb6 Qf5 29.Qf3 Rc8
30.Qxf5 Bxf5 31.Rd8+ Rxd8 32.Bxd8 Bxc2 33.Bxa5 Bxb3 34.Bc3 f6 35.a5 Bc4 36.Kf2 Kf7
37.h4 Ke6 38.Bb4 Kf5 39.Bf8 g6 40.Be7 Ba6 41.g3 Bb7 42.Bd8 g5 43.hxg5 Kxg5
44.Be7 Kf5 45.Bd8 Ke6 46.Ke2 Kf7 47.Kf2 Kg6 48.Be7 Kf7 49.Bd8 Ke6 50.Ke2 Bc8
51.Kf2 Ba6 52.Ke3 Bc8 53.Kf3 Bb7+ 54.Ke3 f5 55.Bh4 Bc8 56.Bd8 Bb7 57.Bh4 f4+
58.gxf4 e4 59.a6 Ba8 60.Kf2 Kf5 61.Kg3 e3 62.Bd8 Ke4 63.Kh4 Kxf4 64.Bg5+ Kf3
65.Bxe3 Kxe3 66.Kxh5  1/2-1/2

[Event "Mermaid Beach Club"]
[Site "Bermuda"]
[Date "1999.02.01"]
[Round "11"]
[White "Thorhallsson, Throstur"]
[Black "Chandler, Murray G"]
[Result "1/2-1/2"]
[WhiteElo "2499"]
[BlackElo "2520"]

1.e4 c5 2.Nf3 Nc6 3.Bb5 g6 4.O-O Bg7 5.Re1 Nf6 6.e5 Nd5 7.Nc3 Nc7 8.Bxc6 dxc6
9.Ne4 Bg4 10.d3 Ne6 11.Neg5 Nxg5 12.Bxg5 Qd5 13.Re4 Bf5 14.Re3 Be6 15.Qe1 h6
16.Bh4 b6 17.a4 Qd7 18.Qc3 O-O 19.Bg3 Rad8 20.b3 f5 21.exf6 exf6 22.Rae1 Rfe8
23.a5 Bd5 24.axb6 axb6 25.Qd2 g5 26.Rxe8+ Rxe8 27.Rxe8+ Qxe8 28.Qe3 Qd7 29.h4 Kf7
30.hxg5 hxg5 31.Nd2 Bf8 32.Ne4 Be7 33.Nc3 Be6 34.Na4 Qa7 35.Kh2 b5 36.Nc3 Qd7
37.Ne4 c4  1/2-1/2

[Event "Koltanowski Team Match"]
[Site "San Francisco"]
[Date "1999.02.03"]
[Round "2"]
[White "Bhat, Vinay S"]
[Black "Cartagena, Omar"]
[Result "1-0"]
[WhiteElo "2312"]
[BlackElo "2440"]

1.e4 c5 2.Nf3 Nc6 3.Bb5 e6 4.O-O Nge7 5.Re1 Ng6 6.c3 a6 7.Bxc6 bxc6 8.e5 Be7
9.d3 f6 10.Nbd2 fxe5 11.Nxe5 Nxe5 12.Rxe5 O-O 13.Re1 d6 14.d4 cxd4 15.cxd4 Rb8
16.Ne4 Rb5 17.Qc2 Qb6 18.Qc3 d5 19.Ng5 Bxg5 20.Bxg5 Rxb2 21.f3 Bd7 22.Be7 Rf7
23.Bc5 Qb8 24.Qd3 Rf6 25.Rab1 Rg6 26.Rxb2 Qxb2 27.Qe2 Qb5 28.Qc2 e5 29.Rb1 Qc4
30.Rb8+ Kf7 31.Rf8+  1-0

[Event "Nova Gorica op"]
[Site "Nova Gorica"]
[Date "1999.02.04"]
[Round "8"]
[White "Fercec, Nenad"]
[Black "Sveshnikov, Evgeny"]
[Result "1/2-1/2"]
[WhiteElo "2495"]
[BlackElo "2563"]

1.e4 c5 2.Nf3 Nc6 3.Bb5 e6 4.O-O Nge7 5.c3 d5 6.exd5 Qxd5 7.Re1 Bd7 8.Na3 Ng6
9.Bc4 Qh5 10.d4 cxd4 11.Nb5 Rc8 12.Be2 dxc3 13.Ng5 cxb2 14.Bxh5 bxa1=Q 15.Nxf7 Qf6
16.Nxh8 a6 17.Nd6+ Bxd6 18.Qxd6 Ne7 19.Ba3 Rc2 20.Qb8+ Bc8 21.Rf1 Nf5 22.Nxg6 hxg6
23.Bd1 Rc4 24.Be2 Rc2 25.Bd3 Rc6 26.Be4 Rc4 27.Bd3 Rc6 28.Be4 Rc4 29.Bxb7 Qd8
30.Bf3 Qc7 31.Qxc7 Rxc7 32.Rc1 Rxc1+ 33.Bxc1 Nd4 34.Bd1 e5 35.Bb2 Be6 36.a3 Bc4
37.f4 Ne2+ 38.Bxe2 Bxe2 39.Kf2  1/2-1/2

[Event "Yangon schev"]
[Site "Yangon"]
[Date "1999.02.05"]
[Round "6"]
[White "Aung Thant Zin"]
[Black "Liang Jinrong"]
[Result "1/2-1/2"]
[WhiteElo "2410"]
[BlackElo "2470"]

1.e4 c5 2.Nf3 Nc6 3.Bb5 d6 4.O-O Bd7 5.c3 a6 6.Bxc6 Bxc6 7.Re1 e6 8.d4 cxd4
9.cxd4 d5 10.Ne5 Nf6 11.Nxc6 bxc6 12.Qa4 Qb6 13.exd5 Nxd5 14.Nc3 Rd8 15.Re5 Rd7
16.Re2 Be7 17.Be3 O-O 18.Rc1 Rb7 19.Nxd5 cxd5 20.Rc6 Qb5 21.Qxa6 Qxa6 22.Rxa6 Rc8
23.g3 h5 24.h4 Bf6 25.Ra4 Kh7 26.Kg2 Kg6 27.Kf3 Kf5 28.Ra3 Rcb8 29.Bf4 Rc8
30.Rd3 Rc4 31.Be5 Rc1 32.Bf4 Rb1 33.b3 Rb4 34.Be5 Rb6 35.Rdd2 Rb4 36.Bxf6 gxf6
37.Ke3 Kg4 38.Kd3 f5 39.Kc2 Rg1 40.Rd3 f4 41.Re5 fxg3 42.fxg3 Rb8 43.Rg5+ Kh3
44.a4 Ra1 45.Rxh5 Ra2+ 46.Kc3 Ra3 47.Kb2 Rxa4 48.Rh7 Ra7 49.Rg7 Kg2 50.h5 Kf2
51.Rd1 Rab7 52.Rd3 Ra7 53.Rd1 Rab7  1/2-1/2

[Event "Koltanowski Team Match"]
[Site "San Francisco"]
[Date "1999.02.07"]
[Round "6"]
[White "Bhat, Vinay S"]
[Black "Cusi, Ronald"]
[Result "1/2-1/2"]
[WhiteElo "2312"]
[BlackElo "2375"]

1.e4 c5 2.Nf3 Nc6 3.Bb5 e6 4.O-O Nge7 5.Re1 a6 6.Bf1 d5 7.exd5 Qxd5 8.b3 Nf5
9.Bb2 Be7 10.Na3 Qd8 11.Nc4 b6 12.Bd3 O-O 13.Bxf5 exf5 14.d4 Be6 15.Nce5 Nxe5
16.Nxe5 Rc8 17.Qf3 Bf6 18.dxc5 Rxc5 19.Nc6 Bd5 20.Nxd8 Bxf3 21.Bxf6 gxf6
22.gxf3 Rxd8 23.c4 b5 24.cxb5 axb5 25.Rad1 Ra8 26.Rd7 Rxa2 27.Re8+ Kg7 28.Ree7 f4
29.Rxf7+ Kg6 30.Rg7+ Kf5 31.Rc7 Re5 32.Rb7 Rb2 33.Rxh7 Rxb3 34.Rh5+ Kg6 35.Rxe5 fxe5
36.Kg2 Kg5 37.Rg7+ Kf6 38.Rg8 Kf7 39.Rb8 Rb2 40.h4 Kg6 41.Rg8+  1/2-1/2

[Event "Goodricke 10th op"]
[Site "Calcutta"]
[Date "1999.02.08"]
[Round "3"]
[White "Neelotpal, Das"]
[Black "Reefat bin Satter"]
[Result "0-1"]
[WhiteElo "2435"]
[BlackElo "2350"]

1.e4 c5 2.Nf3 Nc6 3.Bb5 e6 4.Bxc6 bxc6 5.b3 d5 6.e5 f5 7.O-O g5 8.c4 Nh6
9.Nc3 Nf7 10.cxd5 cxd5 11.Na4 Bd7 12.Bb2 g4 13.Ne1 Bb5 14.d3 d4 15.f4 gxf3
16.Nxf3 Rg8 17.Kh1 Qd5 18.Qe2 Nh6 19.Bc1 Ng4 20.Nb2 Qe4 21.Qd1 Qb7 22.Nc4 Bxc4
23.bxc4 Ne3 24.Bxe3 dxe3 25.Rb1 Qc6 26.Qe2 Bh6 27.Rb5 Kf7 28.Rfb1 Kg7 29.d4 cxd4
30.Nxd4 Qe4 31.Nxe6+ Kh8 32.Rd1 Rae8 33.Nc5 Qxe5 34.Nd3 Qf6 35.Nb4 f4 36.Nd5 Qg7
37.Rdb1 Ref8 38.h3 f3 39.gxf3 Qg3 40.Qb2+ Bg7 41.Qg2 Qxg2+ 42.Kxg2 Bd4+ 43.Kh2 Rxf3
44.Ne7 Rf2+ 45.Kh1 Rgf8  0-1

[Event "RUS-Cup03 (Geller mem)"]
[Site "Moscow"]
[Date "1999.02.10"]
[Round "9"]
[White "Akhmadeev, Vadim"]
[Black "Yuferov, Sergey  N"]
[Result "1-0"]
[WhiteElo "2467"]
[BlackElo "2415"]

1.e4 c5 2.Nf3 Nc6 3.Bb5 e6 4.O-O Nge7 5.Re1 Nd4 6.Nxd4 cxd4 7.c4 Qc7 8.d3 Ng6
9.Nd2 Be7 10.Nf3 e5 11.Ba4 O-O 12.a3 d6 13.Nd2 Be6 14.b4 a6 15.Nf1 f5 16.exf5 Rxf5
17.Ng3 Rf7 18.Ne4 Raf8 19.Rf1 h6 20.Rb1 b6 21.Qe1 b5 22.cxb5 Qd7 23.Bb3 Bxb3
24.Rxb3 axb5 25.Rb2 Rc8 26.Qd1 d5 27.Ng3 Nf4 28.Rc2 Rcf8 29.Re1 Bd6 30.f3 Ng6
31.Ra2 Ne7 32.Qb3 Ra8 33.Bd2 Rff8 34.Ne4 Bb8 35.Ng3 Kh7 36.Rea1 Ra4 37.Re1 Bd6
38.Rc2 Ra6 39.Bc1 Qe8 40.Bb2 Qg6 41.Rf2 Qf7 42.Ra1 Ra4 43.Raf1 Ng6 44.Ne2 Rfa8
45.Kh1 Qb7 46.g3 Rf8 47.f4 exf4 48.gxf4 Be7 49.Nxd4 Ra6 50.Qd1 Bf6 51.f5 Ne5
52.Ne6 d4+ 53.Rg2 Rxe6 54.fxe6 Rd8 55.Qh5 g6 56.Qe2 Bg7 57.Rf4 Qc6 58.Bxd4 Rxd4
59.Rxd4 Nf3 60.Rdg4 Bd4 61.Qe4  1-0

[Event "Malaga op"]
[Site "Malaga"]
[Date "1999.02.11"]
[Round "9"]
[White "Moreno, Javier"]
[Black "San Segundo, Pablo"]
[Result "1/2-1/2"]
[WhiteElo "2449"]
[BlackElo "2483"]

1.e4 c5 2.Nf3 Nc6 3.Bb5 g6 4.O-O Bg7 5.c3 Nf6 6.Re1 O-O 7.d4 d5 8.e5 Ne4
9.Bxc6 bxc6 10.Nbd2 Bf5 11.Nh4 e6 12.Nxf5 exf5 13.Nf1 Rb8 14.Re2 Re8 15.Qa4 cxd4
16.cxd4 c5 17.f3 cxd4 18.fxe4 dxe4 19.Qxa7 Bxe5 20.Kh1 Qd5 21.Qa4 f4 22.Nd2 f3
23.gxf3 exf3 24.Rf2 Bf4 25.Nxf3 Re1+ 26.Kg2 Rxc1 27.Rxc1 Bxc1 28.Qxd4 Qxd4
29.Nxd4 Bxb2 30.Nc6 Rb6 31.a4 Rxc6 32.Rxb2 Rc5 33.Ra2 Ra5 34.Kf3 Kg7 35.Ke4 g5
36.Kd4 Kg6 37.Kc4 f5 38.Kb4 Ra8 39.a5 g4 40.a6 Kg5 41.a7 Kh4 42.Kc4 f4 43.Kd3 Kh3
44.Ke4 g3 45.Ra3 Kxh2 46.Kf3 h5 47.Ra2+ Kh3 48.Ra5 h4 49.Ra2 g2 50.Rxg2 Rxa7
51.Rg8 Ra3+ 52.Kxf4 Kh2 53.Rb8 Rg3 54.Rb2+ Rg2 55.Rb8 h3 56.Kf3 Kh1 57.Rh8 Kh2
58.Rb8 Ra2 59.Rb7 Rg2  1/2-1/2

[Event "Goodricke 10th op"]
[Site "Calcutta"]
[Date "1999.02.12"]
[Round "7"]
[White "Slobodjan, Roman"]
[Black "Ramesh, RB."]
[Result "1-0"]
[WhiteElo "2535"]
[BlackElo "2390"]

1.e4 c5 2.Nf3 Nc6 3.Bb5 e6 4.Bxc6 bxc6 5.b3 Ne7 6.Ba3 Ng6 7.d4 Nh4 8.Nxh4 Qxh4
9.Qd3 f5 10.dxc5 fxe4 11.Qe3 Be7 12.Nc3 Bf6 13.Rd1 Bxc3+ 14.Qxc3 Ba6 15.Qg3  1-0

[Event "Goodricke 10th op"]
[Site "Calcutta"]
[Date "1999.02.12"]
[Round "7"]
[White "Girinath, PDS."]
[Black "Reefat bin Satter"]
[Result "0-1"]
[WhiteElo "2315"]
[BlackElo "2350"]

1.e4 c5 2.Nf3 Nc6 3.Bb5 e6 4.O-O Nge7 5.b3 a6 6.Bxc6 Nxc6 7.Bb2 b6 8.c4 Bb7
9.Re1 Ne7 10.Nc3 Ng6 11.d4 Be7 12.d5 d6 13.a4 e5 14.Ne2 h5 15.Bc1 Bc8 16.Qd3 Bd7
17.Ng3 Qc7 18.Nf5 Bf6 19.g3 a5 20.Bg5 O-O-O 21.Bxf6 gxf6 22.N3h4 Kb7 23.Kf1 Rdg8
24.Ke2  0-1

[Event "Yangon schev"]
[Site "Yangon"]
[Date "1999.02.13"]
[Round "14"]
[White "Aung Thant Zin"]
[Black "Khin Than"]
[Result "1-0"]
[WhiteElo "2410"]
[BlackElo "2541"]

1.e4 c5 2.Nf3 Nc6 3.Bb5 e6 4.O-O Nge7 5.b3 Ng6 6.Re1 Be7 7.Bb2 O-O 8.d4 a6
9.Bf1 d5 10.exd5 exd5 11.dxc5 Bxc5 12.Nc3 Be6 13.a3 Rc8 14.Qd2 b5 15.Rad1 Qb6
16.b4 Nxb4 17.axb4 Bxb4 18.Nd4 Qc5 19.Re3 Rc7 20.Nb3 Qa7 21.Qd4 Qxd4 22.Rxd4 Rfc8
23.Ne2  1-0

[Event "Bunratty Masters"]
[Site "Bunratty"]
[Date "1999.02.18"]
[Round "1"]
[White "Keogh, Eamon"]
[Black "Wall, Tim"]
[Result "0-1"]
[WhiteElo "2165"]
[BlackElo "2351"]

1.e4 c5 2.Nf3 Nc6 3.Bb5 d6 4.c3 Nf6 5.Qe2 Bd7 6.d4 a6 7.Ba4 cxd4 8.cxd4 d5
9.Bxc6 Bxc6 10.e5 Ne4 11.e6 f6 12.Nh4 g6 13.Na3 Qa5+ 14.Kf1 Bg7 15.f3 Nd6
16.Bf4 Nc4 17.Nxc4 dxc4 18.Qc2 O-O 19.Nxg6 hxg6 20.Qxg6 Be8 21.Qg3 Qf5 22.Re1 Qd3+
23.Kg1 Qxd4+ 24.Be3 Qe5 25.Qf2 f5 26.h4 f4 27.Bc5 Qd5 28.h5 Rc8 29.Ba7 b6
30.Bxb6 Rb8 31.h6 Bf6 32.Re4 Bg6 33.Rxf4 Qxe6 34.Bd4 Kh7 35.Bxf6 Rxf6 36.Qd4 Qb6
37.Qxb6 Rbxb6 38.Rxc4 Rxb2 39.Rc7 Bf7 40.Rh4 Re6 41.Re4 Rxe4 42.fxe4 Bxa2
43.Rxe7+ Kxh6 44.Kh2 Bc4 45.Kg3 Kg5 46.Re5+ Kf6 47.Rh5 Bf1 48.Rh1 Bd3 49.Kf3 Ke5
50.g4 Bxe4+  0-1

[Event "Bunratty Masters"]
[Site "Bunratty"]
[Date "1999.02.19"]
[Round "3"]
[White "Keogh, Eamon"]
[Black "Delaney, John"]
[Result "0-1"]
[WhiteElo "2165"]
[BlackElo "2265"]

1.e4 c5 2.Nf3 Nc6 3.Bb5 e6 4.O-O Nge7 5.Re1 Ng6 6.c3 a6 7.Ba4 c4 8.d4 cxd3
9.Qxd3 Qc7 10.Nbd2 Be7 11.Nf1 O-O 12.g3 b5 13.Bb3 Bb7 14.h4 Kh8 15.h5 Nge5
16.Nxe5 Nxe5 17.Qe2 f5 18.f4 Ng4 19.Bc2 Bc5+ 20.Ne3 Nxe3 21.Bxe3 fxe4 22.h6 gxh6
23.Qh5 Rf5 24.Qxh6 Rg8 25.Kf2 Rg6 26.Qh4 d5 27.Rac1 Bxe3+ 28.Rxe3 Qg7 29.Rh1 Rff6
30.Qh2 Rh6 31.Qg1 e5 32.Rxh6 Qxh6  0-1

[Event "Bunratty Masters"]
[Site "Bunratty"]
[Date "1999.02.19"]
[Round "4"]
[White "Crichton, Martin"]
[Black "Keogh, Eamon"]
[Result "1/2-1/2"]
[WhiteElo "2030"]
[BlackElo "2165"]

1.e4 c5 2.Nf3 Nc6 3.Bb5 e6 4.O-O Nge7 5.d4 cxd4 6.Nxd4 Nxd4 7.Qxd4 Nc6 8.Bxc6 bxc6
9.c4 Qb6 10.Qc3 Bc5 11.Nd2 O-O 12.Rb1 d5 13.b4 Bd4 14.Qd3 dxe4 15.Qxe4 Rd8
16.c5 Qb5 17.Nf3 Bf6 18.Bg5 Qd3 19.Qxc6 Bd7 20.Qc7 Bb5 21.Rfe1 Rd7 22.Qg3 Bc3
23.Rec1 f6 24.Be3 a5 25.bxa5 Bxa5 26.Nd4 Bc4 27.Rb8+ Rxb8 28.Qxb8+ Rd8 29.Qb1 Qxb1
30.Rxb1 Rc8 31.Rc1 Bd5 32.Nb5 Rb8 33.a4 e5 34.c6 Bb3 35.c7 Rc8 36.Rc6 Bxa4
37.Ra6  1/2-1/2

[Event "BL2-N9899"]
[Site "Germany"]
[Date "1999.02.21"]
[Round "6.6"]
[White "Paulsen, Dirk"]
[Black "Kleeschaetzky, Ralf"]
[Result "1/2-1/2"]
[WhiteElo "2350"]
[BlackElo "2225"]

1.e4 c5 2.Nf3 Nc6 3.Bb5 g6 4.Bxc6 dxc6 5.h3 Bg7 6.O-O Nf6 7.Nc3 O-O 8.d3 Nd7
9.Be3 e5 10.a3 Qe7 11.Nd2 b6 12.Qb1 Rd8 13.b4 Bf8 14.Nc4 Ba6 15.b5 Bxb5 16.Nxb5 cxb5
17.Qxb5 a6 18.Qb2 b5 19.Na5 Rdc8 20.a4 Rab8 21.Qa2 c4 22.dxc4 b4 23.Rad1 Qe6
24.Rfe1 Be7 25.Rd5 Nf6 26.Qb2 Bd8 27.Rxe5 Qd7 28.Bh6 Rb6 29.Rd5 Qxa4 30.Red1 Be7
31.c5 Re6 32.c6 Qa3 33.Qxa3 bxa3 34.f3 Nxd5 35.exd5 Re2 36.d6 Bxd6 37.Rxd6 Rxc2
38.Rd3 a2 39.Ra3 f6 40.h4 g5 41.Kh2 Rb8 42.c7 Rbb2 43.Nb3 Rxc7 44.Rxa6 Kf7
45.hxg5 Rxb3 46.Rxa2 fxg5 47.Bxg5  1/2-1/2

[Event "BL2-N9899"]
[Site "Germany"]
[Date "1999.02.21"]
[Round "6.3"]
[White "Apel, Stefan"]
[Black "Von Herman, Ulf"]
[Result "1-0"]
[WhiteElo "2310"]
[BlackElo "2380"]

1.e4 c5 2.Nf3 Nc6 3.Bb5 d6 4.O-O Bd7 5.c3 a6 6.Ba4 b5 7.Bb3 Nf6 8.d4 cxd4
9.cxd4 Bg4 10.a4 b4 11.a5 Nxa5 12.Ba4+ Nd7 13.Nbd2 Ra7 14.h3 Bxf3 15.Nxf3 e6
16.d5 Rc7 17.dxe6 fxe6 18.Nd4 Kf7 19.Bxd7 Rxd7 20.Qh5+  1-0

[Event "PER-ch"]
[Site "Lima"]
[Date "1999.02.24"]
[Round "1"]
[White "Aguilar, Juan"]
[Black "Perez, Paul"]
[Result "1-0"]
[WhiteElo "2305"]
[BlackElo "2021"]

1.e4 c5 2.Nf3 Nc6 3.Bb5 d6 4.O-O Bg4 5.h3 Bh5 6.c3 a6 7.Be2 Nf6 8.d4 Bxf3
9.Bxf3 e5 10.Be3 Be7 11.d5 Nb8 12.a4 a5 13.Na3 O-O 14.Nc4 Nbd7 15.Qd3 Rb8
16.Rfd1 Qc7 17.Be2 Rfd8 18.f4 Bf8 19.f5 Ne8 20.g4 b5 21.axb5 Rxb5 22.Nxe5 Rxb2
23.Nxd7 Rxd7 24.Rdb1 Rxb1+ 25.Qxb1 Rd8 26.Bb5 Rb8 27.c4 Nf6 28.Bg5 Be7 29.Bd2 Ra8
30.Qe1 Bd8 31.g5 Nh5 32.Qh4 g6 33.f6 h6 34.Bc3 Qc8 35.Kg2 Bc7 36.Ba4 Qd8
37.Bd1 hxg5 38.Qxg5 Ng7 39.h4 Rb8 40.fxg7  1-0

[Event "Portuguese Masters"]
[Site "Caldas de Felgueira"]
[Date "1999.02.25"]
[Round "6"]
[White "Dias, Paulo"]
[Black "Frois, Antonio"]
[Result "0-1"]
[WhiteElo "2195"]
[BlackElo "2405"]

1.e4 c5 2.Nf3 Nc6 3.Bb5 g6 4.Bxc6 dxc6 5.d3 Bg7 6.Nc3 e5 7.h4 Bg4 8.Be3 Qe7
9.Qd2 Nf6 10.Ne2 c4 11.Ng3 cxd3 12.Qxd3 O-O 13.O-O-O Rfe8 14.Qc3 b6 15.Qxc6 Rac8
16.Qd6 Qb7 17.Qd3 h6 18.Rd2 Re7 19.Kb1 Rd7 20.Qb5 Re7 21.Re1 Bd7 22.Qb4 Bc6
23.h5 Nxe4 24.Nxe4 Bxe4 25.hxg6 Bxg6 26.Bd4 Bf8 27.Bc3 Rce8 28.Qg4 Bg7 29.Nh4 Qc6
30.Red1 Qe4 31.Qg3 Bh7 32.f3 Qf4 33.Qxf4 exf4 34.Bxg7 Kxg7 35.b3 Re2 36.Kc1 Kf6
37.Rh1 Re1+ 38.Rd1 Rxh1 39.Rxh1 Re2 40.g3 fxg3  0-1

[Event "EST-chT"]
[Site "Tallinn"]
[Date "1999.02.27"]
[Round "2"]
[White "Pritulina, Svetlana"]
[Black "Piarnpuu, Leili"]
[Result "0-1"]
[WhiteElo "2020"]
[BlackElo "2233"]

1.e4 c5 2.Nf3 Nc6 3.Bb5 g6 4.O-O Bg7 5.Re1 Nf6 6.d4 cxd4 7.e5 Nd5 8.Bxc6 bxc6
9.Qxd4 Qb6 10.Qh4 h6 11.Na3 Ba6 12.c4 Nc7 13.Rb1 c5 14.Be3 Qa5 15.Rbd1 Bb7
16.Qg4 Ne6 17.Nb5 h5 18.Qh3 Bc6 19.Na3 Rb8 20.Bd2 Qc7 21.Bc3 Qb7 22.Qg3 Bh6
23.Re2 Bf4 24.Qh3 g5 25.Ne1 g4 26.Qd3 Bh6 27.g3 Kf8 28.b3 Kg8 29.Nac2 Ng5
30.e6 dxe6 31.Bxh8 Kxh8 32.Qc3+ Bg7 33.Qe3 Nf3+ 34.Nxf3 Bxf3 35.Ne1 Bxe2
36.Qxe2 Qc6 37.Ng2 e5 38.Qe3 Rb7 39.Rd5 Rd7 40.Qg5 Rxd5 41.cxd5 Qh6 42.Qe3 Qxe3
43.Nxe3 Kh7 44.Kf1 Kg6 45.Ke2 f5 46.Ng2 Bh6 47.Ne1 e4 48.Ng2 Kf6 49.Nf4 Bxf4
50.gxf4 Kf7 51.a3 Ke8 52.b4 cxb4 53.axb4 Kd7 54.Ke3 Kd6 55.Kd4 a6  0-1

[Event "BEL-chT9899"]
[Site "Antwerp"]
[Date "1999.02.??"]
[Round "6"]
[White "Van Uytven, Eric"]
[Black "Lavrenov, Yuli"]
[Result "1/2-1/2"]
[WhiteElo "2120"]
[BlackElo "2110"]

1.e4 c5 2.Nf3 Nc6 3.Bb5 g6 4.O-O Bg7 5.Re1 Nf6 6.c3 O-O 7.d3 d6 8.Nbd2 a6
9.Bxc6 bxc6 10.Qa4 Bd7 11.e5 Nd5 12.Qh4 f6 13.exd6 exd6 14.Ne4 Bf5 15.Qg3 Bxe4
16.dxe4 Nb6 17.Bf4 Nc4 18.Rad1 Nxb2 19.Rxd6 Qa5 20.e5 Qxc3 21.exf6 Rxf6 22.Rd7 Nd3
23.Bd2 Qc2 24.Qc7 Bf8 25.Rf1 Rxf3 26.gxf3 Qxd2 27.Qxc6 Qg5+ 28.Kh1 Nf4 29.Rg1 Qf5
30.Qa4  1/2-1/2

[Event "BEL-chT9899"]
[Site "Antwerp"]
[Date "1999.02.??"]
[Round "7"]
[White "Van Herck, Marcel"]
[Black "Bezsilko, Philippe"]
[Result "0-1"]
[WhiteElo "2206"]
[BlackElo "2280"]

1.e4 c5 2.Nf3 Nc6 3.Bb5 g6 4.O-O Bg7 5.Re1 e6 6.c3 Nge7 7.a4 O-O 8.Na3 d5
9.exd5 exd5 10.d4 cxd4 11.Nxd4 Nxd4 12.cxd4 Nf5 13.Be3 Qb6 14.Qd2 a6 15.Bf1 Bd7
16.a5 Qf6 17.Nc2 Nxe3 18.fxe3 Rfe8 19.Qf2 Qg5 20.g3 Bf8 21.Bg2 Bc6 22.Qf4 Qd8
23.Rf1 f5 24.h4 Bd6 25.Qf2 Rf8 26.Bf3 h6 27.Qg2 Kg7 28.h5 Qg5 29.g4 fxg4
30.Qxg4 Rxf3  0-1

[Event "Bucharest TIT"]
[Site "Bucharest"]
[Date "1999.03.02"]
[Round "2"]
[White "Vasiesiu, Dan"]
[Black "Brajovic, Radovan"]
[Result "1-0"]
[WhiteElo "2388"]
[BlackElo "2364"]

1.e4 c5 2.Nf3 Nc6 3.Bb5 Nf6 4.Nc3 Qc7 5.O-O e6 6.Re1 a6 7.Bxc6 dxc6 8.d3 e5
9.h3 h6 10.Nh4 g6 11.Be3 Be7 12.Qd2 Nh5 13.Nf3 g5 14.Na4 Nf4 15.Qc3 f6 16.Nxc5 b6
17.Nb3 a5 18.a3 a4 19.Nbd2 h5 20.Bxf4 gxf4 21.d4 Rg8 22.Kh2 Qd7 23.Rg1 exd4
24.Qxd4 Bc5 25.Qxd7+ Bxd7  1-0

[Event "Bucharest TIT"]
[Site "Bucharest"]
[Date "1999.03.03"]
[Round "3"]
[White "Brajovic, Radovan"]
[Black "Veneteanu, Ion Cristian"]
[Result "1-0"]
[WhiteElo "2364"]
[BlackElo "2245"]

1.e4 c5 2.Nf3 Nc6 3.Bb5 Nf6 4.Nc3 Nd4 5.e5 Nxb5 6.Nxb5 Nd5 7.Ng5 f5 8.Qf3 e6
9.h4 a6 10.Nc3 Nb4 11.Kd1 Be7 12.d3 O-O 13.Qh5 h6 14.Qg6 hxg5 15.hxg5 Bxg5
16.Rh7 Qe7 17.Qh5 Bh6 18.Bxh6 Qf7 19.Rxg7+ Qxg7 20.Bxg7 Kxg7 21.Kd2 b6 22.Rh1 Rg8
23.Qg5+  1-0

[Event "Bucharest TIT"]
[Site "Bucharest"]
[Date "1999.03.05"]
[Round "5"]
[White "Lupulescu, Constantin"]
[Black "Veneteanu, Ion Cristian"]
[Result "1-0"]
[WhiteElo "2261"]
[BlackElo "2245"]

1.e4 c5 2.Nf3 Nc6 3.Bb5 g6 4.O-O Bg7 5.c3 Nf6 6.Re1 O-O 7.d4 cxd4 8.cxd4 d5
9.e5 Ne4 10.Nc3 Nxc3 11.bxc3 a6 12.Bd3 Bg4 13.Bd2 Rc8 14.h3 Bxf3 15.Qxf3 Na5
16.Rac1 Nc4 17.Bg5 f6 18.exf6 Bxf6 19.Qg4 Bxg5 20.Qxg5 Rf6 21.h4 Nb2 22.Bb1 e6
23.h5 Kg7 24.hxg6 hxg6 25.Re3 Qd6 26.Rg3 Qf4 27.Qxf4 Rxf4 28.Bxg6 b5 29.Rb1 Nc4
30.Re1 Rf6 31.Be8+ Kf8 32.Bd7 Rc7 33.Rxe6 Rxe6 34.Bxe6 Re7 35.Bxd5 Re1+ 36.Kh2 Nd2
37.Rh3 Kg7 38.g4 Re2 39.Kg2 Nc4 40.Bxc4 bxc4 41.Rh5 Rxa2 42.Rc5  1-0

[Event "Manhattan March Int"]
[Site "New York"]
[Date "1999.03.05"]
[Round "1"]
[White "Shliperman, Igor"]
[Black "Timoshenko, Georgy"]
[Result "0-1"]
[WhiteElo "2442"]
[BlackElo "2592"]

1.e4 c5 2.Nf3 Nc6 3.Bb5 d6 4.Bxc6+ bxc6 5.O-O e5 6.c3 Nf6 7.Re1 Be7 8.d4 cxd4
9.cxd4 exd4 10.Qxd4 O-O 11.Bg5 h6 12.Bh4 c5 13.Qd3 a5 14.Nc3 a4 15.Rad1 Be6
16.Qc2 Qa5 17.Bxf6 Bxf6 18.Rxd6 Bxc3 19.bxc3 a3 20.Rd2 Rab8 21.Qc1 Rfd8 22.Rc2 Rb6
23.Ne5 Kh7 24.f4 f6 25.Nf3 Rdb8 26.f5 Bc4 27.e5 Bd3 28.Rf2 fxe5 29.Nxe5 Rb1
30.Nxd3 Rxc1 31.Rxc1 Rd8 32.Nf4 Qa4 33.Rff1 Qc4 34.Rf2 Rd6 35.g3 Qe4 36.Ng2 Rb6
37.Rf4 Qd3 38.Rff1 Rb2  0-1

[Event "ISL-chT9899"]
[Site "Reykjavik"]
[Date "1999.03.05"]
[Round "?"]
[White "Karlsson, Agust S"]
[Black "Fridjonsson, Julius"]
[Result "1/2-1/2"]
[WhiteElo "2305"]
[BlackElo "2210"]

1.e4 c5 2.Nf3 Nc6 3.Bb5 g6 4.Bxc6 dxc6 5.d3 Bg7 6.h3 Nf6 7.O-O O-O 8.Re1 Qc7
9.Nc3 e5 10.Be3 b6 11.Qc1 Re8 12.Bh6 Nd7 13.Ne2 Nf8 14.Bxg7 Kxg7 15.b3 Ne6
16.Qb2 Nd4 17.Nfxd4 cxd4 18.f4  1/2-1/2

[Event "Bucharest TIT"]
[Site "Bucharest"]
[Date "1999.03.07"]
[Round "7"]
[White "Brajovic, Radovan"]
[Black "Raceanu, Valentin"]
[Result "1/2-1/2"]
[WhiteElo "2364"]
[BlackElo "2234"]

1.e4 c5 2.Nf3 Nc6 3.Bb5 e6 4.Bxc6 bxc6 5.d3 Ne7 6.Ng5 f6 7.Nh3 Ng6 8.f4 Be7
9.O-O O-O 10.f5 exf5 11.exf5 Ne5 12.Nc3 d5 13.Ne2 Bd6 14.Ng3 Bd7 15.b3 Re8
16.Nf4 Nf7 17.c4 Be5 18.Rb1 Nd6 19.Qh5 Bd4+ 20.Kh1 Re5 21.Nfe2 Nxf5 22.Nxf5 Bxf5
23.Bf4 Bxd3 24.Bxe5 Bxb1 25.Bxd4 Bg6 26.Qg4 cxd4 27.Nxd4 dxc4 28.Nxc6 Qd6
29.Qxc4+ Bf7 30.Qc3 Bd5 31.Rc1 Bxc6 32.Qxc6 Rd8 33.Qxd6 Rxd6 34.Kg1 h6 35.Kf1 Rd2
36.a4 Rb2 37.Rc3 a5 38.h3 Kf7 39.Re3 h5 40.h4 Kg6 41.Rf3 Ra2 42.Kg1 Rd2  1/2-1/2

[Event "Budapest FS03 IM"]
[Site "Budapest"]
[Date "1999.03.07"]
[Round "2"]
[White "Kiss, Gedeon"]
[Black "Gara, Ticia"]
[Result "1-0"]
[WhiteElo "2259"]
[BlackElo "2216"]

1.e4 c5 2.Nf3 Nc6 3.Bb5 g6 4.Bxc6 bxc6 5.O-O Bg7 6.Re1 d5 7.d3 Bg4 8.Nbd2 e6
9.h3 Bxf3 10.Nxf3 Ne7 11.c3 Rb8 12.Qa4 Qd7 13.Qa3 Rb5 14.Be3 d4 15.c4 Rb7
16.Bf4 f6 17.Qxc5 Rxb2 18.e5 O-O 19.exf6 Bxf6 20.Rab1 Rxa2 21.Be5 Bxe5 22.Qxe5 Nc8
23.Rb8 a5 24.Reb1 Qg7 25.Rxc8  1-0

[Event "BL2-N9899"]
[Site "Germany"]
[Date "1999.03.07"]
[Round "7.2"]
[White "Meyer, Falko"]
[Black "Tomczak, Rainer"]
[Result "1/2-1/2"]
[WhiteElo "2305"]
[BlackElo "2315"]

1.e4 c5 2.Nf3 Nc6 3.Bb5 Nf6 4.Nc3 e5 5.O-O d6 6.d3 Be7 7.Ne1 O-O 8.Bxc6 bxc6
9.f4 exf4 10.Bxf4 Ng4 11.h3 Ne5 12.Nf3 Nxf3+ 13.Qxf3 Bf6 14.Kh1 Be6  1/2-1/2

[Event "BL2-N9899"]
[Site "Germany"]
[Date "1999.03.07"]
[Round "7.6"]
[White "Meissner, Hans Juergen"]
[Black "Dimitrijeski, Boris"]
[Result "0-1"]
[WhiteElo "2255"]
[BlackElo "2190"]

1.e4 c5 2.Nf3 Nc6 3.Bb5 g6 4.O-O Bg7 5.Re1 Nf6 6.Bxc6 dxc6 7.d3 Nd7 8.Nbd2 e5
9.b3 Nf8 10.Bb2 f6 11.Kh1 Ne6 12.Ng1 O-O 13.Rf1 Qc7 14.Nc4 Bd7 15.Qd2 Rad8
16.Rae1 b5 17.Ne3 Bh6 18.Qd1 Nd4 19.Bc1 Kg7 20.Bd2 Be8 21.Qc1 Kh8 22.f3 Bg7
23.Qa3 b4 24.Qc1 a5 25.a4 Bf7 26.Qb1 f5 27.Nh3 f4 28.Nd1 Bf6 29.Nb2 Be6 30.Nf2 Bh4
31.Qd1 h5 32.Bc1 Rg8 33.Nc4 g5 34.Bb2 Rd7 35.Bxd4 exd4 36.Qd2 g4 37.Re2 Rdg7
38.fxg4 hxg4 39.Nd1 Bxc4 40.dxc4 Rh7 41.Kg1 f3 42.Ree1 Bxe1 43.Qxe1 Qg7 44.g3 Qh6
45.Rf2 Rg5 46.Qd2 Qg6 47.Qe1 Rh3 48.Rd2 Rgh5 49.Rf2 Qh7 50.Qd2 Rxg3+  0-1

[Event "BL2-W9899"]
[Site "Germany"]
[Date "1999.03.07"]
[Round "7.4"]
[White "Illner, Achim"]
[Black "Boidman, Yuri"]
[Result "1-0"]
[WhiteElo "2320"]
[BlackElo "2418"]

1.e4 c5 2.Nf3 Nc6 3.Bb5 g6 4.Bxc6 dxc6 5.O-O Bg7 6.d3 e5 7.Be3 Qe7 8.Nc3 Nf6
9.h3 O-O 10.Qd2 Ne8 11.Bh6 Nc7 12.Ne2 Ne6 13.Bxg7 Nxg7 14.Qh6 Ne6 15.Nxe5 Nd4
16.Nxd4 Qxe5 17.Nf3 Qxb2 18.e5 f6 19.Rab1 Qc3 20.Rfe1 b5 21.Rb3 Qa5 22.exf6  1-0